Statistics for F1: Grand Slams

Click here to take the quiz!

General Stats

  • This quiz has been taken 18 times
  • The average score is 18 of 26

Answer Stats

Grand SlamsNationDriver% Correct
4๐Ÿ‡ณ๐Ÿ‡ฑMax Verstappen
100%
5๐Ÿ‡ฉ๐Ÿ‡ชMichael Schumacher
100%
4๐Ÿ‡ง๐Ÿ‡ทAyrton Senna
94%
6๐Ÿ‡ฌ๐Ÿ‡งLewis Hamilton
94%
4๐Ÿ‡ฉ๐Ÿ‡ชSebastian Vettel
94%
4๐Ÿ‡ฌ๐Ÿ‡งJackie Stewart
88%
8๐Ÿ‡ฌ๐Ÿ‡งJim Clark
88%
1๐Ÿ‡ช๐Ÿ‡ธFernando Alonso
81%
2๐Ÿ‡ฆ๐Ÿ‡ทJuan Manuel Fangio
81%
2๐Ÿ‡ซ๐Ÿ‡ฎMika Hรคkkinen
81%
3๐Ÿ‡ง๐Ÿ‡ทNelson Piquet
81%
1๐Ÿ‡ฆ๐Ÿ‡นNiki Lauda
81%
5๐Ÿ‡ฎ๐Ÿ‡นAlberto Ascari
75%
1๐Ÿ‡ฒ๐Ÿ‡จCharles Leclerc
75%
1๐Ÿ‡ฌ๐Ÿ‡งDamon Hill
75%
4๐Ÿ‡ฌ๐Ÿ‡งNigel Mansell
75%
1๐Ÿ‡จ๐Ÿ‡ฆGilles Villeneuve
69%
2๐Ÿ‡ฉ๐Ÿ‡ชNico Rosberg
69%
2๐Ÿ‡ฆ๐Ÿ‡บJack Brabham
63%
1๐Ÿ‡ฆ๐Ÿ‡นGerhard Berger
50%
1๐Ÿ‡ง๐Ÿ‡ชJacky Ickx
50%
1๐Ÿ‡ฌ๐Ÿ‡งMike Hawthorn
44%
1๐Ÿ‡ฌ๐Ÿ‡งStirling Moss
44%
1๐Ÿ‡จ๐Ÿ‡ญClay Regazzoni
38%
1๐Ÿ‡จ๐Ÿ‡ญJo Siffert
25%
1๐Ÿ‡ซ๐Ÿ‡ทJacques Laffite
19%

Score Distribution

Percentile by Number Answered

Percent of People with Each Score

Your Score History

You have not taken this quiz